Manual on design and manufacture of torsion bar springs, August, 1947.

Bibliographic Details
Corporate Author: Society of Automotive Engineers. War Engineering Board
Format: Book
Language:English
Published: New York, N.Y. : Society of automotive engineers, [1947]
Subjects:

MARC

Tag First Indicator Second Indicator Subfields
LEADER 00000cam a2200000 4500
001 in00000045706
005 20151007075224.0
008 760910s1947 nyua 00010 eng d
035 |a (OCoLC)02421447 
035 |9 AAF2847AM 
040 |a TOL  |c TOL  |d TXA  |d UtOrBLW 
049 |a TXAM  |c 1 [217592]  |c 2 [375939] 
090 |a TJ210  |b .S625 1947 
092 |a 621.82  |b S678mt 
110 2 |a Society of Automotive Engineers.  |b War Engineering Board. 
245 1 0 |a Manual on design and manufacture of torsion bar springs, August, 1947. 
264 1 |a New York, N.Y. :  |b Society of automotive engineers,  |c [1947] 
264 4 |c ©1947 
300 |a 30 pages :  |b diagram 
336 |a text  |b txt  |2 rdacontent 
337 |a unmediated  |b n  |2 rdamedia 
338 |a volume  |b nc  |2 rdacarrier 
650 0 |a Springs (Mechanism) 
740 0 |a Torsion bar springs. 
999 |a MARS 
999 f f |s c9b8a698-60d9-3008-8f01-cc4a55ba91a1  |i 0088c41c-40f7-3bcb-b28f-c891000c8b61  |t 0 
952 f f |p ric  |a Texas A&M University  |b Rellis Campus  |c Joint Library Facility  |d Remote Storage  |t 0  |e TJ210 .S625 1947  |h Library of Congress classification  |i unmediated -- volume  |m A14801042395 
998 f f |a TJ210 .S625 1947  |t 0  |l Remote Storage